Najzávažnejšími podnikateľskými rizikami sú regulácia a znižovanie nákladov

Nestabilná ekonomická situácia vedie podniky k tomu aby boli pružnejšie a hospodárili efektívnejšie. Rebríček Top 10 najväčších podnikateľských rizík. Rebríček Top 10 najväčších podnikateľských príležitostí.

Saved in:
Bibliographic Details
Format: Book Chapter
Language:Slovak
Subjects:
Tags: Add Tag
No Tags, Be the first to tag this record!

MARC

LEADER 00000naa a2200000 4500
001 0135300
005 20231006124305.5
041 0 |a slo 
044 |a SK 
245 1 0 |a Najzávažnejšími podnikateľskými rizikami sú regulácia a znižovanie nákladov 
520 |a Nestabilná ekonomická situácia vedie podniky k tomu aby boli pružnejšie a hospodárili efektívnejšie. Rebríček Top 10 najväčších podnikateľských rizík. Rebríček Top 10 najväčších podnikateľských príležitostí. 
610 2 0 |a riziko podnikateľské 
610 2 0 |a situácia finančná podniku 
610 2 0 |a efektívnosť ekonomická 
610 2 0 |a rozhodovanie podnikové 
610 2 0 |a rozhodovanie strategické 
610 2 0 |a prostredie podnikateľské